Veľký slovník skratiek Európskej únie

Enregistré dans:
Détails bibliographiques
Auteur principal: Elman, Jiří
Format: Livre
Langue:anglais
slovaque
Publié: Bratislava Agentúra SMER 2002
Sujets:
Tags: Ajouter un tag
Pas de tags, Soyez le premier à ajouter un tag!

MARC

LEADER 00000nam a2200000 4500
001 c137988
005 20221124093213.5
020 |a 80-968355-3-X 
041 0 |a eng 
041 0 |a slo 
044 |a SK 
245 1 0 |a Veľký slovník skratiek Európskej únie  |c Jiří Elman 
264 1 |a Bratislava  |b Agentúra SMER  |c 2002 
300 |a viii, 1034 s. 
610 2 0 |a Európska únia 
610 2 0 |a terminológia 
610 2 0 |a jazyky cudzie 
610 2 0 |a jazykoveda 
100 1 |a Elman, Jiří